00578nam a22001457a 4500003000400000005001700004008004100021040000800062082001800070100005300088245012900141264009000270300004500360600002700405OSt20250623150726.0250623b |||||||| |||| 00| 0 eng d cDCL a၄၂၀.၇ aဒေါ်ခင်အေးပွင့်၊10aအဆင့်မြင့်အင်္ဂလိပ်သဒ္ဒါ /cဒေါ်ခင်အေးပွင့်။ aရန်ကုန်၊bဝင်းစာပေတိုက်၊c၂၀၀၁။ a၂၈၀ စာမျက်နှာ။ 2ဘာသာဗဒ ။